Matematický model trhu s jednou komoditou

Analýza matematického modelu trhu s jednou komoditou, opisujúci závislosť ceny komodity od výroby a objemu spotreby prostredníctvom systému diferenciálnych rovníc.

Salvato in:
Dettagli Bibliografici
Autore principale: Simonka, Zsolt, 1974-
Altri autori: Kaderová, Andrea
Natura: Capitolo di libro
Lingua:slovacco
Soggetti:
Tags: Aggiungi Tag
Nessun Tag, puoi essere il primo ad aggiungerne!!

MARC

LEADER 00000naa a2200000 4500
001 0158193
005 20240502072745.6
041 0 |a slo 
044 |a SK 
245 1 0 |a Matematický model trhu s jednou komoditou  |c Zsolt Simonka, Andrea Kaderová 
520 |a Analýza matematického modelu trhu s jednou komoditou, opisujúci závislosť ceny komodity od výroby a objemu spotreby prostredníctvom systému diferenciálnych rovníc. 
610 2 0 |a modely matematické 
610 2 0 |a komodity 
610 2 0 |a výroba 
610 2 0 |a spotreba 
610 2 0 |a ceny 
610 2 0 |a rovnice diferenciálne 
100 1 |a Simonka, Zsolt, 1974- 
700 1 |a Kaderová, Andrea